000 01267nam a2200349Ia 4500
005 20220317001310.0
008 161108s2002 ck a g 000 0 spa
020 _a9789580411437
020 _a9580411433
100 1 _aNöstlinger, Christina
_d1936-
245 1 0 _aDe por qué a Franz le dolió el estómago
_cChristine Nöstlinger ; traducción de Federico Schopt ; ilustraciones de Erhard Dietl
250 _a1a. edición
300 _a56 páginas
_bilustraciones en blanco y negro
_c20 cm
490 _aTorre de papel
534 _tSchulgeschichten vom Franz
586 _aPremio Hans Christian Andersen, 1984
650 1 4 _2LEMB
_aCuentos infantiles austriacos
_ySiglo XX
650 1 4 _2LEMB
_aLiteratura infantil austriaca
_ySiglo XX
650 1 4 _2LEMB
_aNiños en la literatura
650 1 4 _2LEMB
_aAmistad en la literatura
650 1 4 _2LEMB
_aMaestros en la literatura
650 1 4 _2LEMB
_aEscuela en la literatura
700 1 _aDietl, Erhard
_d1953-
_99717
700 1 _aSchopf, Federico
_968995
942 _2loc
_cBKINF
264 _aBogotá
_bNorma
_c2002
336 _atexto
_btxt
_2rdacontent
337 _asin mediación
_bn
_2rdamedia
338 _avolumen
_bnc
_2rdacarrier
040 _aCO-BoRNBP
_bspa
_erda
_cCO-BoRNBP
084 _aC NOS1
999 _c6536
_d6536